Conservation of modern architecture (Record no. 107344)

MARC details
000 -LEADER
fixed length control field 01613cam a22002895a 4500
001 - CONTROL NUMBER
control field L139777
008 - FIXED-LENGTH DATA ELEMENTS--GENERAL INFORMATION
fixed length control field 070807s2007 xxkoe f 000 0 eng d
020 ## - INTERNATIONAL STANDARD BOOK NUMBER
International Standard Book Number 9781873394847
022 1# - INTERNATIONAL STANDARD SERIAL NUMBER
International Standard Serial Number 1355-6207
035 ## - SYSTEM CONTROL NUMBER
System control number (Sirsi) u139777
041 0# - LANGUAGE CODE
Language code of text/sound track or separate title eng
050 04 - LIBRARY OF CONGRESS CALL NUMBER
Classification number 690.241 $2 18
245 00 - TITLE STATEMENT
Title Conservation of modern architecture
260 ## - PUBLICATION, DISTRIBUTION, ETC.
Place of publication, distribution, etc. Lower Coombe
Name of publisher, distributor, etc. Donhead
Date of publication, distribution, etc. 2007
300 ## - PHYSICAL DESCRIPTION
Extent 190p.
Other physical details ill.
Dimensions 25cm.
350 ## - PRICE (NR) (BK AM CF MU VM SE) [OBSOLETE]
Price 28
505 2# - FORMATTED CONTENTS NOTE
Formatted contents note Points of balance: patterns of practice in the conservation of modern architecture -- Conservation values, climate change and modern architecture: the case of the CIS Tower -- Yale University Art Gallery: challenges for the rehabilitation of modern museum buildings -- The Billiet House, Bruges: reconstruction of a colour scheme -- Harry Seidler and the legacy of modern architecture in Australia -- The greenside case -- Challenges in protecting 1960s architect-designed houses -- ICOMOS: Twentieth Century Heritage International Scientific Committee -- Docomomo International -- Doconomo UK -- Living in the Brunswick Centre
520 ## - SUMMARY, ETC.
Summary, etc. This collection of papers examines the current philosophical, policy and technical concerns for the protection and maintenance of modern buildings. Includes examples of international projects relating to these themes.
590 ## - LOCAL NOTE (RLIN)
Local note KA
651 #4 - SUBJECT ADDED ENTRY--GEOGRAPHIC NAME
Geographic name International
690 ## - LOCAL SUBJECT ADDED ENTRY--TOPICAL TERM (OCLC, RLIN)
Topical term or geographic name as entry element BUILT ENVIRONMENT-BUILDING MAINTENANCE AND REFURBISHMENT-BUILDING CONSERVATION
700 1# - ADDED ENTRY--PERSONAL NAME
Personal name Macdonald, Susan
Relator term Editor
700 1# - ADDED ENTRY--PERSONAL NAME
Personal name Normandin, Kyle
Relator term Editor
700 1# - ADDED ENTRY--PERSONAL NAME
Personal name Kindred, Bob
Relator term Editor
700 1# - ADDED ENTRY--PERSONAL NAME
Personal name Pearce, Jill
Relator term Editor
942 ## - ADDED ENTRY ELEMENTS (KOHA)
Suppress in OPAC 0
Holdings
Withdrawn status Lost status Source of classification or shelving scheme Damaged status Not for loan Home library Current library Shelving location Date acquired Total Checkouts Full call number Barcode Date last seen Date last checked out Copy number Price effective from Koha item type
    Dewey Decimal Classification     London London Books 21/08/2007 8 690.241 MAC 30074245 06/08/2019 14/06/2010 1 06/08/2019 Book